| 000 | 01007nam0a2200253 4500 | ||
|---|---|---|---|
| 001 | RU\NLR\BIBL_A\011473976 | ||
| 005 | 20250128194045.0 | ||
| 035 | _a(NLR Aleph) 011473976 | ||
| 090 |
_a13414833 _c13414833 |
||
| 100 | _a20170918d1935 bc y0rusy50 ca | ||
| 101 | 0 | _asah | |
| 102 | _aRU | ||
| 105 | _aa z 000 y | ||
| 200 | 1 |
_aЭрэй-буруй аргыстаах Оттоойук сырыылара _e[отто саастаах оҕолорго] _fС. Оруоhанап _gМехилиэбискэй Ѳ. Ойуулара _gХаранйылап Дь. С. тылб. |
|
| 210 |
_aМ. _cОГИЗ _cДетгиз _d1935 |
||
| 215 |
_a63,[1] с. _cил. _d21 |
||
| 541 | 1 |
_aПриключения Травки _eдля дошк. возраста |
|
| 686 | 1 | _aШ9(2)6=Я-4 | |
| 700 | 1 |
_aРозанов _bС. Г. _f1894-1957 _gСергей Григорьевич _3RU\NLR\AUTH\7737214 |
|
| 852 |
_aNLR _bОНЛ _jЯкут./3-3-1032 |
||
| 852 |
_aNLR _bОНЛ _jЯкут./3-1032 |
||
| 942 | _cBOOK | ||
| 980 | _aNB | ||